000 00469nam a2200181 a 4500
001 1761392451728
003 ACL
005 20251025171310.0
008 251025s2003##################000#0#eng##
020 _a9781843763901
082 0 4 _a658.84
_bGOL
100 1 _aGoldschmidt, Simon,
_eauthor.
245 1 0 _aStrategic Affiliate Marketing :
260 _bEdward Elgar Publishing,
_c2003.
650 0 _aBusiness networks.
942 _cENGLISH
040 _aACL
_beng
_cACL
999 _c593857
_d593857